| Tag |
First Indicator |
Second Indicator |
Subfields |
| LEADER |
00000cam a2200000 4500 |
| 001 |
in00001908589 |
| 006 |
m | d | |
| 007 |
cr |n||||||||n |
| 008 |
851122s1797 stk|||| s 00||||gae d |
| 005 |
20260406221247.4 |
| 035 |
|
|
|a (CStRLIN)ESTCN21370
|
| 040 |
|
|
|a Cu-RivES
|c Cu-RivES
|d CStRLIN
|d Thomson Gale
|d UtOrBLW
|
| 130 |
0 |
|
|a Bible.
|p Psalms.
|l Gaelic.
|p Smith.
|
| 245 |
1 |
0 |
|a Sailm Dhaibhidh maille ri laoidhean o'n scrioptur naomha chum bhi air an seinn ann an aora' Dhia. ... Le I. Smith, D.D.
|
| 264 |
|
1 |
|a Dun-Eidin :
|b Air son W. Andersan,
|c 1797.
|
| 300 |
|
|
|a 396p., plates :
|b engr.music ;
|c 12⁰.
|
| 336 |
|
|
|a text
|b txt
|2 rdacontent
|
| 337 |
|
|
|a computer
|b c
|2 rdamedia
|
| 338 |
|
|
|a online resource
|b cr
|2 rdacarrier
|
| 500 |
|
|
|a Smith's Psalter, a revision of Macfarlane's revision of the Synod of Argyll version.
|
| 500 |
|
|
|a Reproduction of original from the Harvard University Houghton Library.
|
| 510 |
4 |
|
|a English Short Title Catalog,
|c ESTCN21370.
|
| 533 |
|
|
|a Electronic reproduction.
|b Farmington Hills, Mich. :
|c Thomson Gale,
|d 2003.
|n Available via the World Wide Web.
|n Access limited by licensing agreements
|7 s2003 miunns
|
| 500 |
|
|
|a Electronic resource.
|
| 830 |
|
0 |
|a Eighteenth century collections online.
|
| 856 |
4 |
0 |
|u http://proxy.library.tamu.edu/login?url=https://galenet.galegroup.com/servlet/ECCO?c=1&stp=Author&ste=11&af=BN&ae=N021370&tiPG=1&dd=0&dc=flc&docNum=CW124824320&vrsn=1.0&srchtp=a&d4=0.33&n=10&SU=0LRF&locID=txshracd2898
|z Full text online
|t 0
|
| 999 |
|
|
|a MARS
|
| 999 |
f |
f |
|s b703315a-2e3a-3792-833e-a8f3313e2d1d
|i 24249f69-d97a-35a3-861e-47d1c0751470
|t 0
|
| 952 |
f |
f |
|a Texas A&M University
|b College Station
|c Electronic Resources
|s www_evans
|d Available Online
|t 0
|h No information provided
|
| 998 |
f |
f |
|t 0
|l Available Online
|